| 000 | 00574nam a22001697a 4500 | ||
|---|---|---|---|
| 005 | 20251108165756.0 | ||
| 008 | 250721s1978 xx 000 0 ara d | ||
| 082 | 1 | 4 | _aم/340.069/نقا |
| 245 | 1 | 0 | _aمجموعة التشريعات المتعلقة بالمحامين / |
| 264 | 1 |
_aعمان : _bنقابة المحامين، _c1978. |
|
| 650 | 1 | 7 | _aالقوانين و اللوائح |
| 650 | 1 | 7 | _aالأردن |
| 650 | 1 | 7 | _aمهنة المحاماه |
| 710 | 2 | _aنقابة المحامين . المكتب الفني ، عمان | |
| 942 |
_2ddc _cREF |
||
| 999 |
_c31015 _d31015 |
||